[Event "Lleida-ch U16"]
[Site "Balaguer"]
[Date "2014.02.08"]
[Round "6.2"]
[White "Tarrago Pinyol, Robert"]
[Black "Ros Manuel, Pau"]
[Result "1-0"]
[WhiteElo "1720"]
[BlackElo "1740"]
[PlyCount "67"]
[EventDate "2014.01.25"]
[EventType "tourn"]
[EventRounds "10"]
[EventCountry "ESP"]
[SourceTitle "EXT 2024"]
[Source "ChessBase"]
[SourceDate "2023.10.10"]
[SourceVersion "1"]
[SourceVersionDate "2023.10.10"]
[SourceQuality "1"]

1. e4 e5 2. Nf3 Nc6 3. Bb5 a6 4. Ba4 Nf6 5. d3 Bc5 6. c3 d6 7. 0-0 0-0 8. Be3 Ba7 9. h3 h6 10. Bxa7 Nxa7 11. Re1 b5 12. Bc2 Nh5 13. Nxe5 Nf4 14. Ng4 Qh4 15. Qf3 Qg5 16. Nd2 h5 17. Ne3 Nxh3+ 18. Kf1 Nf4 19. Qg3 Qh6 20. Nf3 Nc6 21. Nd5 Nxd5 22. exd5 Nd8 23. Re7 Ra7 24. a4 Rb7 25. axb5 axb5 26. d4 c6 27. Rxb7 Bxb7 28. dxc6 Bxc6 29. Bb3 Ne6 30. d5 Ra8 31. Rxa8+ Bxa8 32. dxe6 d5 33. Qb8+ Kh7 34. exf7 1-0

[Event "Ponts U14 Lleida-ch"]
[Site "Ponts"]
[Date "2013.02.16"]
[Round "4.4"]
[White "Ros Manuel, Pau"]
[Black "Torruella Flotats, Anna"]
[Result "1-0"]
[WhiteElo "1229"]
[BlackElo "1700"]
[PlyCount "48"]
[EventDate "2013.01.26"]
[EventType "swiss"]
[EventRounds "6"]
[EventCountry "ESP"]
[SourceTitle "EXT 2024"]
[Source "ChessBase"]
[SourceDate "2023.10.10"]
[SourceVersion "1"]
[SourceVersionDate "2023.10.10"]
[SourceQuality "1"]

1. d4 e6 2. c4 Nf6 3. Nc3 Be7 4. Bg5 Ng8 5. Bxe7 Nxe7 6. e3 0-0 7. Nf3 Nf5 8. Bd3 Nc6 9. 0-0 b6 10. d5 Nce7 11. Be4 exd5 12. cxd5 Nd6 13. Bc2 Re8 14. e4 Ng6 15. g3 c6 16. Re1 Ba6 17. Bd3 b5 18. dxc6 dxc6 19. a4 Bb7 20. Qc2 a6 21. axb5 cxb5 22. Na2 Qe7 23. Bf1 Rac8 24. Qd3 Ra8 1-0

[Event "Lleida-ch U14"]
[Site "Vilanova de Segria"]
[Date "2012.02.18"]
[Round "6.4"]
[White "Ros Manuel, Pau"]
[Black "Noria Bertran, Eric"]
[Result "1-0"]
[WhiteElo "1718"]
[BlackElo "1700"]
[PlyCount "27"]
[EventDate "2012.01.14"]
[EventType "swiss"]
[EventRounds "6"]
[EventCountry "ESP"]
[SourceTitle "EXT 2024"]
[Source "ChessBase"]
[SourceDate "2023.10.10"]
[SourceVersion "1"]
[SourceVersionDate "2023.10.10"]
[SourceQuality "1"]

1. d4 d5 2. c4 Nf6 3. Nc3 Nc6 4. Bf4 a6 5. Nf3 Bf5 6. e3 Nb4 7. Qa4+ Nc6 8. Ne5 e6 9. Nxc6 bxc6 10. Qxc6+ Nd7 11. cxd5 exd5 12. Nxd5 g6 13. Nxc7+ Ke7 14. Qd6# 1-0

[Event "Lleida-ch U14"]
[Site "Vilanova de Segria"]
[Date "2012.01.28"]
[Round "3.1"]
[White "Cucurull Llovera, Guillem"]
[Black "Ros Manuel, Pau"]
[Result "1-0"]
[WhiteElo "1486"]
[BlackElo "1718"]
[PlyCount "81"]
[EventDate "2012.01.14"]
[EventType "swiss"]
[EventRounds "6"]
[EventCountry "ESP"]
[SourceTitle "EXT 2024"]
[Source "ChessBase"]
[SourceDate "2023.10.10"]
[SourceVersion "1"]
[SourceVersionDate "2023.10.10"]
[SourceQuality "1"]

1. e4 e5 2. Nf3 Nc6 3. Bb5 Nge7 4. d3 g6 5. Bg5 Bg7 6. Nc3 Nd4 7. Nxd4 exd4 8. Ne2 c6 9. Bc4 b5 10. Bb3 d6 11. Qd2 Be5 12. 0-0 Bd7 13. a4 c5 14. axb5 Bxb5 15. Bd5 Rc8 16. Rxa7 Bd7 17. Rfa1 0-0 18. Rb7 Qe8 19. Bxe7 Qxe7 20. Raa7 Rfd8 21. Bc4 Ra8 22. Rxd7 Qxd7 23. Rxd7 Rxd7 24. f4 Bf6 25. Ng3 Ra1+ 26. Kf2 Bh4 27. Qe2 h5 28. f5 Kg7 29. Qf3 Kh6 30. fxg6 fxg6 31. Qf4+ g5 32. Qf8+ Rg7 33. Qxd6+ Rg6 34. Qe5 Ra8 35. Qxc5 Rf6+ 36. Ke2 Raf8 37. Nf5+ Kg6 38. g3 Rxf5 39. exf5+ Rxf5 40. Qxd4 Bxg3 41. hxg3 1-0